000 01036cad a22002535a 4500
001 E148816
008 091111s2009 xxk f s000 0 eng d
020 _a9781406156775
035 _a(Sirsi) u148816
041 0 _aeng
050 0 4 _a306.1 $2 18
110 2 _aScotland
_bScottish Government
_95344
245 0 0 _aHome Owner and Debtor Protection (Scotland) Bill
_b(as introduced)
_h[electronic resource]
260 _a[Edinburgh]
_bScottish Parliamentary Corporate Body
_c2009
490 0 _aSP Bill
_v(32)
520 _aA Bill introduced on 1 October 2009, which seeks to offer protection to those faced with repossession of their home or bankruptcy.
521 _aAdvanced
590 _aKA
650 2 4 _aHOME OWNER AND DEBTOR PROTECTION (SCOTLAND) BILL
651 4 _aScotland
_y1999-
690 _aPROPERTY-RESIDENTIAL PROPERTY-DOMESTIC RESIDENTIAL PROPERTY-HOUSING
856 4 0 _uhttps://www.scottish.parliament.uk/s3/bills/32-homeOwner/index.htm
_zView the Bill free of charge at www.scottish.parliament.uk...
942 _n0
999 _c110242
_d110242